| 000 | 01174nam a2200229Ia 4500 | ||
|---|---|---|---|
| 001 | L180-1639 | ||
| 003 | IT-CnALBA | ||
| 008 | 170116s9999||||xx |||||||||||||| ||und|| | ||
| 040 |
_aIT-CnALBA _cIT-CnALBA |
||
| 041 | _aITALIANO | ||
| 100 | _aPLATONE | ||
| 245 | 0 | _aSIMPOSIO. | |
| 250 | _a1a ed. | ||
| 260 |
_aMILANO _bRIZZOLI & C. EDITORI _c1985 [1° Ed.:1985 - Ed.Ling.Originale: 1985] |
||
| 300 | _a234 p. | ||
| 500 | _aTESTO GRECO A FRONTE. INTRODUZIONE DI: DI BENEDETTO VINCENZO. TRADUZIONE E NOTE DI FERRARI FRANCO. ILLUSTRAZIONI. CENA TRA INTELLETTUALI. AMORE. AMORE CELESTE. AMORE VOLGARE. AMORE STIMOLO AL BENE. AMORE COME COMPOSIZIONE DEGLI OPPOSTI. EDUCAZIONE. ISPIRA | ||
| 501 | _aSocietà San Paolo EM - Piazza San Paolo, 14 - 12051 ALBA (CN) (non commercial uses only) ® Copyright 2017 | ||
| 520 | _aTESTO GRECO A FRONTE. INTRODUZIONE DI: DI BENEDETTO VINCENZO. TRADUZIONE E NOTE DI FERRARI FRANCO. ILLUSTRAZIONI. CENA TRA INTELLETTUALI. AMORE. AMORE CELESTE. AMORE VOLGARE. AMORE STIMOLO AL BENE. AMORE COME COMPOSIZIONE DEGLI OPPOSTI. EDUCAZIONE. ISPIRA | ||
| 650 | _aFILOSOFIA ANTICA MEDIOEVALE ORIENTALE | ||
| 942 | _cBK | ||
| 957 | _71 | ||
| 999 |
_a2626 _bNO _g Copie: 1 _c260863 _d260863 |
||